000 00207nam a2200097Ia 4500
008 190216s9999||||xx |||||||||||||| ||und||
100 _aBhaskaran P
245 0 _aOrikkel Koodi
260 _bNull
942 _cBK
999 _c24617
_d24617